Phác họa chân dung một thế hệ
Shranjeno v:
| Glavni avtor: | |
|---|---|
| Format: | Knjiga |
| Jezik: | Undetermined |
| Izdano: |
Hà Nội
Hội nhà văn
2015
|
| Teme: | |
| Oznake: |
Označite
Brez oznak, prvi označite!
|
| Thư viện lưu trữ: | Trung tâm Học liệu Trường Đại học Cần Thơ |
|---|
| LEADER | 00591nam a2200193Ia 4500 | ||
|---|---|---|---|
| 001 | CTU_211295 | ||
| 008 | 210402s9999 xx 000 0 und d | ||
| 020 | |c 220000 | ||
| 082 | |a 895.922803 | ||
| 082 | |b V500 | ||
| 100 | |a Tần, Hoài Dạ Vũ | ||
| 245 | 0 | |a Phác họa chân dung một thế hệ | |
| 245 | 0 | |c Tần Hoài Dạ Vũ, Nguyễn Đông Nhật | |
| 260 | |a Hà Nội | ||
| 260 | |b Hội nhà văn | ||
| 260 | |c 2015 | ||
| 650 | |a Hồi ký,Memoirs | ||
| 904 | |i Kiều Mị,Hải | ||
| 980 | |a Trung tâm Học liệu Trường Đại học Cần Thơ | ||